01352nas a2200301 4500001001300000003000900013005001700022007000300039008003400042040005400076041000900130072000800139100001700147100002000164100001300184100002700197111021400224245015500438650002200593650002100615650001900636650002500655773013100680909004000811942001800851999001900869952016200888BR2015004478BR-BrBNA20231205125608.0ta230509b bl.|||p| |||| 00| 00por d aBR-BrBNAbporcBiblioteca Nacional de Agricultura a(Pt) aJ111 aRobles, R.C.1 aMatthes, L.A.F.1 aMay , A.1 aDias-Tagliacozzo, G.M.1 a16° Congresso Brasileiro de Floricultura e Plantas Ornamentais; 3° Congresso Brasileiro de Cultura de Tecidos de Plantas; 1° Simpósio de Plantas Ornamentais NativascGoiânia, GO (Brazil)d10-15 Sep 20071 aEfeito do GA3 e de diferentes períodos sem hidratação após a colheita na durabilidade comercial de hastes de priprioca (Cyperus articulatus)  aPLANTA ORNAMENTAL aPLANTA MEDICINAL aPÓS-COLHEITA aÁCIDO GIBERÉLICO0 tRevista Brasileira de Horticultura Ornamental (Brazil)xISSN 1809-6093g(Sep 2007), v. 13(Suplemento) p. 119-122wBR2015004478 a202311bLúciac55dLúcia Elande 2AGRISn0cANA c245097d245097 002AGRIS4071a41918b41918cPeriódicos Agrícolash(Sep 2007), v. 13(Suplemento) p. 119-122l0r2023-11-29t01yCRePortaria Interministerial nº 164/94